000 00728nam a2200157Ia 4500
001 15247
003 GE_BSU
008 181216s||||||||xx |||||||||||||| ||und||
040 _cGE_BSU
245 _aჩვენი საუნჯე:ქართული მწერლობა ოც ტომად. ტ.18 ნიკო ლორთქიფანიძე, შალვა დადიანი
245 _cრედ.დ.შენგელაია. მხატვ.ლ.გრიგოლია
653 _aნიკო ლორთქიფანიძე, შალვა დადიანი
653 _aქართული მწერლობა
653 _aჩვენი საუნჯე
942 _cBK
999 _c48359
_d48359